000 00584nam a2200229Ia 4500
003 OSt
005 20221005130912.0
006 a|||||r|||| 00| 0
007 ta
008 221004b |||||||| |||| 00| 0 mal d
024 _a56048
037 _cTextual
040 _aCRL
_cCRL
_bmal
041 _2mal
_amal
082 _aO32,3M47,2, J9.2
100 _aAnatasubramanyam
_9638830
245 0 _aSarada
260 _c1959
650 _aMALAYALAM LITERATURE
_938866
942 _hO32,3M47,2, J9.2
_cTEXL
_2cc
999 _c1058743
_d1058743